Statistiche per Riconosci la Squadra di calcio - Quiz n°159

Clicka qui per fare il quiz!

Statistiche generali

  • Questo quiz è stato fatto 2 volte
  • Il punteggio medio è 5 su 10

Statistiche sulle risposte

IndizioRisposta% Corretto
Titoli nazionali5 Campionati messicani
100%
Fondazione1945
50%
Trofei internazionali1 Coppa delle Coppe CONCACAF;
5 CONCACAF Champions' Cup/Champions League
50%
Trofei nazionali3 Coppe del Messico
1 InterLiga
50%
Capienza Stadio53 500 posti
50%
Colori socialiBlu, bianco
50%
SimboliBulldog
50%
ConfederazioneCONMEBOL
50%
Divisione nazionale 2023-2024Prima
50%
SquadraMonterrey
0%

Distribuzione punteggi

Percentile per numero di risposta

Percentuale di utenti per punteggio

I tuoi punteggi nel tempo

Non hai fatto questo quiz